Multi-Category Twosomes Quiz Stats

 Plays Quiz Updated Dec 7, 2018

Support Sporcle.
Go Orange.
Score 0/30 Timer 03:00
0 Plays Today
% Correct
Cardinals
96.6%
Papua New Guinea
96.2%
Forrest Gump
96.1%
Franklin Roosevelt
96.1%
Harry Truman
95%
Bowel
94.3%
Electric Company
94%
Independence Day
93.9%
Elbow
93.9%
Water Works
93.8%
Labor Day
93.5%
Blues
93%
Ulna
93%
Indonesia
92.9%
Batman
92.9%
% Correct
Etre
92.8%
Avoir
92.6%
Robin
92.5%
Aaron
92.1%
Radius
91.9%
Miriam
90.2%
A Confederacy of Dunces
87.4%
Philadelphia
85.6%
Patty Bouvier
85.3%
John Wheeley Lea
85.3%
Selma Bouvier
84.5%
William Henry Perrins
84.2%
The Neon Bible
83.7%
Patrick Carney
77.4%
Dan Auerbach
75.1%

From the Vault

George R.R. Martin Or Just Made Up?

by druhutch

Lord Wobblecheeks? Seems legit.
Remove Ads.
Support Sporcle.
Get the best of Sporcle when you Go Orange. This ad-free experience offers more features, more stats, and more fun while also helping to support Sporcle. Thank you for becoming a member.

Show Comments

Extras

Top Quizzes Today


Score Distribution

Your Account Isn't Verified!

In order to create a playlist on Sporcle, you need to verify the email address you used during registration. Go to your Sporcle Settings to finish the process.

Report this User

Report this user for behavior that violates our Community Guidelines.

Details: